| 000 | 00535nam a2200217Ia 4500 | ||
|---|---|---|---|
| 008 | 160621s9999 xx 000 0 und d | ||
| 020 | _a0-07-141358-8 | ||
| 050 | _aComSc TJ 211 | ||
| 050 | _b.P74 2003 | ||
| 100 | _aPredko, Myke. | ||
| 245 | _a123 robotics experiments for the evil genius / | ||
| 245 | _cMyke Predko. | ||
| 260 | _aNew York : | ||
| 260 | _bMcGraw-Hill, | ||
| 260 | _c2003 | ||
| 300 | _a355 pages : | ||
| 300 | _billustrations ; | ||
| 300 | _c28 cm. | ||
| 500 | _aIncludes index. | ||
| 650 | _aRobotics. | ||
| 999 |
_c296129 _d296129 |
||